Haciendas de México /

שמור ב:
מידע ביבליוגרפי
מחבר ראשי: Rendón Garcini, Ricardo (texto)
מחברים אחרים: Fernández de Calderón, Cándida (coordinación) (coordinación), Sarmiento, Alberto (coordinación editorial) (coordinación editorial), Contreras Chacel, Jorge (fotógrafo) (fotógrafo)
פורמט: ספר
שפה:ספרדית
יצא לאור: México : Banco Nacional de México, Fomento Cultural, 1994, c1994
נושאים:
תגים: הוספת תג
אין תגיות, היה/י הראשונ/ה לתייג את הרשומה!

MARC

LEADER 00000nam^a2200000^a^4500
001 000053024
005 20250521000000.0
009 20260310090417.149
020 |a 968-7009-42-X 
037 |a Acervo ITESO - Biblioteca 
041 |a ESP 
082 |a 720. 972  |b REN 
100 |a Rendón Garcini, Ricardo  |e (texto) 
245 1 0 |a Haciendas de México /  |c Texto de R. Rendón Garcini ; coord. editorial de C. Fernández de Calderón, A. Sarmiento ; fotógrafo J. Contreras Chacel [et al.]. 
264 4 |a México :  |b Banco Nacional de México, Fomento Cultural,  |c 1994, c1994 
300 |a 382 p. 
336 |a texto  |b txt  |2 rdacontenido 
337 |a sin mediación  |b n  |2 rdamedio 
338 |a volumen  |b nc  |2 rdasoporte 
649 |a XX 
650 |a Haciendas -  |z México -  |x Tema Principal 
650 |a Arquitectura Virreinal -  |z México -  |x Historia y Crítica 
650 |a Arquitectura Porfiriana -  |z México -  |x Historia y Crítica 
650 |a Arquitectura Mexicana -  |x Historia y Crítica -  |x Tema Principal 
650 |a Arte Virreinal -  |z México -  |x Historia y Crítica 
650 |a Arte Mexicano -  |x Historia y Crítica 
650 |a México -  |x Fotografías 
650 |a México -  |x Descripción 
650 |a México -  |x Historia 
700 |a Fernández de Calderón, Cándida  |e (coordinación) 
700 |a Sarmiento, Alberto  |e (coordinación editorial) 
700 |a Contreras Chacel, Jorge  |e (fotógrafo) 
910 |a Fondo General 
920 |a Impresos - Libros 
930 |a Reserva Especial 
905 |a 103 
901 |a 0500010640  |b IT1  |c REE  |u 20250521 
902 |a https://opac.biblio.iteso.mx/vufind/Record/000053024